000 00852cam a2200205 4500
001 WB3746-16
008 011206n2001 000 0 eng u
035 _a(Sirsi) u115907
245 _aNAHB predicts market rebound
260 _c2001
490 _aEngineering News Record
_v247(22) 26 November 2001, 11(1)
520 _aIn the USA the National Association of Home Builders expects the housing market to recover next year after a downturn for the rest of this year. At the NAHB semiannual Residential Construction Forecast Conference housing starts were forecast to fall 10% in 4Q 2001 but increase strongly after that.
590 _aWB
650 _aHOUSE SALES
650 _aHOUSING STARTS
650 _aUNITED STATES
650 _aECONOMIC CONDITIONS
690 _aPROPERTY-RESIDENTIAL PROPERTY-RESIDENTIAL PROPERTY MARKET
942 _n0
999 _c69049
_d69049